Missent, forwarded and advertised markings used in the Confederate States of America (Record no. 1190)

000 -LEADER
fixed length control field 00426nam a22001337a 4500
003 - CONTROL NUMBER IDENTIFIER
control field OSt
008 - FIXED-LENGTH DATA ELEMENTS--GENERAL INFORMATION
fixed length control field 150407b xxu||||| |||| 00| 0 eng d
041 ## - LANGUAGE CODE
Language code of text/sound track or separate title eng
100 1# - MAIN ENTRY--PERSONAL NAME
Personal name Peter W.W. Powell
245 10 - TITLE STATEMENT
Title Missent, forwarded and advertised markings used in the Confederate States of America
246 10 - VARYING FORM OF TITLE
Title proper/short title with notes on other auxiliary markings found on Confederate mail
260 ## - PUBLICATION, DISTRIBUTION, ETC. (IMPRINT)
Name of publisher, distributor, etc. Confederate Stamp Alliance?
300 ## - PHYSICAL DESCRIPTION
Extent 0 pages
Holdings
Withdrawn status Lost status Source of classification or shelving scheme Damaged status Not for loan Collection code Permanent Location Current Location Date acquired Total Checkouts Full call number Barcode Date last seen Price effective from Koha item type
          Richard Drews Northern Philatelic Library Northern Philatelic Library 04/07/2015   G3861 .P857 P885 1001481 06/28/2015 06/28/2015 Books

Powered by Koha